000 00693nam a2200289Ia 4500
005 20260324125457.0
008 008 260324s9999 xx 000 0 eng d
020 _a9781351194792
037 _aEBOOK
040 _aCRL
040 _beng
040 _cCRL
041 _2eng
041 _aeng
084 _qCRL
100 _aRachel Dickinson
_91178127
245 0 _aJohn Ruskin's Correspondence with Joan Severn
245 0 _bSense and Nonsense Letters
260 _bTaylor and Francis
260 _c2009
365 _a
365 _b145
856 _uhttp://www.taylorfrancis.com/books/9781351194792
942 _cEBOOK
999 _c1773426
_d1773426